The social construction of reality

Bewaard in:
Bibliografische gegevens
Hoofdauteur: Berger, Peter L.
Formaat: Boek
Taal:Undetermined
Gepubliceerd in: England Penguin Books 1966
Onderwerpen:
Tags: Voeg label toe
Geen labels, Wees de eerste die dit record labelt!
Thư viện lưu trữ: Trung tâm Học liệu Trường Đại học Cần Thơ
LEADER 00501nam a2200181Ia 4500
001 CTU_89473
008 210402s9999 xx 000 0 und d
082 |a 301.01 
082 |b B496 
100 |a Berger, Peter L. 
245 4 |a The social construction of reality 
245 0 |c Peter L. Berger, Thomas Luckmann 
260 |a England 
260 |b Penguin Books 
260 |c 1966 
650 |a Knowledge, sociology of 
904 |i Mai Loan 
980 |a Trung tâm Học liệu Trường Đại học Cần Thơ